000
00337nam a2200145Ia 4500
008
150301s2014 xx 000 0 und d
082
_a
616.07
_b
N14W
100
_a
WANI INTIYAZ
245
_a
NEW CONCEPT IN PATHOLOGY
250
_a
1ST
260
_b
AP. JAIN & COMP.
_c
2014
300
_a
384
650
_a
PATHOLOGY
942
_2
ddc
_c
BK
_0
2
999
_c
6763
_d
6763